| 000 | 00854cam a22001931a 4500 | ||
|---|---|---|---|
| 001 | 000001891 | ||
| 005 | 20200929145739.0 | ||
| 008 | 820429s1952 sp 000 0 spa c | ||
| 040 |
_aDO-SdBNP _bspa _cBNPHU |
||
| 100 | 2 |
_aVila Selma, _dJose. _96172 |
|
| 245 | 1 | 0 | _aAndre Gide y Paul Claudel, frente a frente. |
| 260 |
_aMadrid : _bConsejo Superior de Investigaciones Cientificas, _c1952. |
||
| 300 |
_a202 p. ; _c26 cm. |
||
| 490 | 1 | _aConsejo Superior de Investigaciones Cientificas. Departamento Internacional de Culturas Modernas. Publicaciones | |
| 600 | 1 | 0 |
_aGide, Andre, _d1869-1951. _96173 |
| 600 | 1 | 0 |
_aClaudel, Paul, _d1868-1955. _96174 |
| 650 | 0 |
_aFrench poetry _y20th century _xHistory and criticism. _96175 |
|
| 810 | 1 |
_aSpain. _bConsejo Superior de Investigaciones Scientificas. _bDepartamento Internacional de Culturas Modernas. _tPublicaciones. _96176 |
|
| 999 |
_c1765 _d1765 |
||